1397 1049 1131 1226 1003 1380 1554 1201 1256 1478 1260 1038 1920 1836 1681 1954 1712 1503 1509 1606 1435 1088 1584 1583 1854 1825 1679 1223 1540 1386 1624 1298 1341 1178 1530 1362 1771 1955 1741 1196 1598 1708 1885 1875 1991 1646 1600 1951 1745 1792 1914 1239 1605 1039 1731 1940 1256 1606 1579 1565 1741 1183 1154 1282 1262 1173 1228 1859 1607 1178 1133 1667 1766 1530 1753 1914 1305 1836 1230 1359 1192 1667 1946 1253 1424 1891 1550 1947 1831 1662 1571 1078 1672 1337 1031 1394 1227 1643 1587 BCNSPRNW ULIB Ver.6.0+V

เปลี่ยนเป็นภาษาไทย

Change to English
 แสดงรายละเอียดบรรณานุกรม
  กลับหน้าหลัก

Brief Record : Get Marc (ISO 2709) : E-mail record : QR code < ปิดหน้าต่าง
LEADER : 00000nam 2200000uu 4500
001    13399113374
003     ULIB
008    111109s2553||||th 000 0 tha d
020    9746435639(ล.1)
060  4 QZ140^bพ218 ล.1
110 1  มหาวิทยาลัยสุโขทัยธรรมาธิราช^bสาขาวิชาพยาบาลศาสตร์
245 00 เอกสารการสอนชุดวิชา พยาธิสรีรวิทยาและคลินิกสำหรับพยาบาล หน่วยที่1-5=^bPathophysiology and Clinical pharmacology for nurse/^cมหาวิทยาลัยสุโขทัยธรรมาธิราช
246 0  Pathophysiology and Clinical pharmacology for nurse
250    พิมพ์ครั้งที่ 14
260    นนทบุรี:^bศูนย์หนังสือมหาวิทยาลัยสุโขทัยธรรมาธิราช,^c2553
300    468 หน้า
650  7 พยาธิสรีรวิทยา
650  7 เภสัชวิทยา^xคลินิก
650  7 ยา
945    ^p0^l0^i18361
945    ^p0^l0^i18415
995    กัณชพร
999    ^aใช้งานได้ทุกระบบ
รายการนี้ยังไม่มีแท็ก
คุณยังไม่ได้ล็อกอิน คุณสามารถมีกิจกรรมร่วมกับเว็บไซต์ได้ แต่ต้องล็อกอินก่อน ::
  ล็อกอิน

รายการสื่อสารสนเทศ

ลำดับที่ ประเภท เลขเรียก/บาร์โค้ด สถานที่ สถานะ
- ไม่พบข้อมูล -

รายการใกล้เคียง
    หัวเรื่อง [พยาธิสรีรวิทยา]
    หัวเรื่อง [ยา]

BibComment


ยังไม่เคยถูกคอมเมนท์

คอมเมนท์ทรัพยากรรายการนี้
  คอมเมนท์: เอกสารการสอนชุดวิ..


 Copyright 2026. Bcnsprnw @Library